[Event "Alicante op 2nd"]
[Site "Alicante"]
[Date "2009.12.28"]
[Round "2"]
[White "Granero Roca, Antonio"]
[Black "Alderete Rodriguez, Rigoberto"]
[Result "0-1"]
[WhiteElo "2450"]
[BlackElo "2083"]
[PlyCount "84"]
[EventDate "2009.12.27"]
[EventType "swiss"]
[EventRounds "9"]
[EventCountry "ESP"]
[SourceTitle "CBM 134 Extra"]
[Source "ChessBase"]
[SourceDate "2010.03.03"]
[SourceVersion "1"]
[SourceVersionDate "2010.03.03"]
[SourceQuality "1"]

1. d4 Nf6 2. c4 g6 3. Nc3 Bg7 4. e4 d6 5. f3 e5 6. d5 Nfd7 7. h4 Bf6 8. g3 a5 9. Be3 Nc5 10. Qd2 h5 11. Nh3 Nba6 12. Nf2 Nb4 13. Be2 b6 14. Bd1 Bd7 15. a3 Nba6 16. b3 Kf8 17. Bc2 Kg7 18. Ke2 Qe8 19. Rhb1 a4 20. b4 Nb3 21. Bxb3 axb3 22. Rxb3 Ba4 23. Rbb1 Bd7 24. a4 Nb8 25. Nd3 Bd8 26. a5 bxa5 27. c5 a4 28. c6 Nxc6 29. dxc6 Bxc6 30. b5 Bd7 31. b6 cxb6 32. Bxb6 Qe6 33. Bxd8 Rhxd8 34. Nd5 Ra7 35. Rb6 Rc8 36. Ne3 Rac7 37. Nb4 Qh3 38. Ned5 Rc4 39. Qg5 Qg2+ 40. Ke3 Rc3+ 41. Nxc3 Rxc3+ 42. Nd3 Rc2 0-1